Between facts and norms: contributions to a discourse theory of law and democracy
Guardat en:
| Autor principal: | |
|---|---|
| Format: | Llibre |
| Idioma: | anglès |
| Publicat: |
Cambridge
The Mits Press
1998
|
| Col·lecció: | Studies in Contemporany German Social Thought
|
| Matèries: | |
| Etiquetes: |
Afegir etiqueta
Sense etiquetes, Sigues el primer a etiquetar aquest registre!
|
MARC
| LEADER | 00000nam a2200000 a 4500 | ||
|---|---|---|---|
| 001 | UCI0321 | ||
| 003 | CL-VaPUC | ||
| 008 | 070504e19980000US |||||||||||||||||eng|d | ||
| 020 | |a 0262082438 | ||
| 082 | 0 | 4 | |a 340.115 |b HAB |2 21 |
| 100 | 0 | |a Habermas, Jürgen |e author |9 334312 | |
| 245 | 1 | 0 | |a Between facts and norms: contributions to a discourse theory of law and democracy |
| 300 | |a 631 p | ||
| 942 | |c BK | ||
| 945 | |d 20070504 00:00:00 |a jtorresc | ||
| 260 | |a Cambridge |b The Mits Press |c 1998 | ||
| 650 | 0 | |a Jurisprudencia |9 255952 | |
| 650 | 0 | |a Aspectos sociales |9 254894 | |
| 583 | |a last modification |c 20190604 11:09:21 |k Rodrigo Vera | ||
| 490 | 0 | |a Studies in Contemporany German Social Thought | |
| 999 | |c 325558 |d 325556 | ||
| 952 | |0 0 |1 0 |4 0 |6 340_115000000000000_HAB_1998 |7 0 |8 A |9 406545 |a BIBDER |b BIBDER |d 2019-11-22 |i 4301757 |o 340.115 HAB 1998 |p 4301757 |r 2023-01-25 |w 2019-11-22 |y BK |k DER | ||